[Event "BL 9293 Dortmund-Empor Berlin"]
[Site "?"]
[Date "1993.??.??"]
[Round "?.1"]
[White "Kovalev, A."]
[Black "Dolmatov, S."]
[Result "1/2-1/2"]
[WhiteElo "2555"]
[BlackElo "2615"]
[PlyCount "61"]
[EventDate "1993.??.??"]

1. e4 e6 2. d4 d5 3. Nc3 Nf6 4. Bg5 dxe4 5. Nxe4 Nbd7 6. Nf3 h6 7. Nxf6+ Nxf6
8. Bxf6 Qxf6 9. Bd3 Bd6 10. Qe2 Bd7 11. Be4 O-O-O 12. O-O Rhe8 13. c4 c6 14.
Rad1 e5 15. c5 Bc7 16. d5 cxd5 17. Rxd5 Bc6 18. Rxd8+ Rxd8 19. Bxc6 Qxc6 20.
Nxe5 Qe6 21. f4 g5 22. c6 gxf4 23. cxb7+ Kb8 24. Re1 Rd5 25. Nc4 Qxe2 26. Rxe2
Rd1+ 27. Kf2 Rc1 28. b3 Kxb7 29. Re7 Rc2+ 30. Re2 Rc1 31. Re7 1/2-1/2

[Event "BL 9293 Dortmund-Empor Berlin"]
[Site "?"]
[Date "1993.??.??"]
[Round "?.2"]
[White "Heyken, E."]
[Black "Muse, M."]
[Result "0-1"]
[WhiteElo "2375"]
[BlackElo "2490"]
[PlyCount "90"]
[EventDate "1993.??.??"]

1. e4 c5 2. Nc3 Nc6 3. g3 g6 4. Bg2 Bg7 5. Nge2 d6 6. d3 Rb8 7. Be3 Nf6 8. Qc1
h6 9. h3 b5 10. a3 Nd7 11. e5 Nd4 12. Nxd4 cxd4 13. Bxd4 Bb7 14. O-O a6 15. Re1
dxe5 16. Be3 Bxg2 17. Kxg2 Qc7 18. Qd2 Rd8 19. f3 f5 20. Rad1 Qc6 21. d4 Kf7
22. d5 Qd6 23. f4 e4 24. Bd4 Bxd4 25. Qxd4 Rhg8 26. Rf1 Rc8 27. Rd2 Nb6 28. Nd1
Nc4 29. Re2 Rc5 30. Nc3 Rc7 31. g4 Qf6 32. Qxf6+ exf6 33. Nd1 Rc5 34. b3 Nb6
35. b4 Rxd5 36. Ne3 Rd4 37. gxf5 gxf5+ 38. Kf2 Ke6 39. Rg1 Rxg1 40. Kxg1 Nc4
41. a4 bxa4 42. Nxc4 Rxc4 43. Re3 Rxb4 44. Ra3 Rc4 45. c3 e3 0-1

[Event "BL 9293 Dortmund-Empor Berlin"]
[Site "?"]
[Date "1993.??.??"]
[Round "?.3"]
[White "Chekhov, V."]
[Black "Smagin, S."]
[Result "1/2-1/2"]
[WhiteElo "2480"]
[BlackElo "2520"]
[PlyCount "86"]
[EventDate "1993.??.??"]

1. d4 Nf6 2. c4 e6 3. Nc3 d5 4. Bg5 c6 5. e3 Nbd7 6. a3 Be7 7. Nf3 h6 8. Bh4
O-O 9. Qc2 a6 10. Rd1 a5 11. Be2 dxc4 12. Bxc4 b5 13. Be2 Ba6 14. O-O b4 15.
axb4 axb4 16. Bxa6 Rxa6 17. Na4 Nd5 18. Bxe7 Qxe7 19. Rc1 Rfa8 20. b3 N7b6 21.
Nxb6 Rxb6 22. Ne5 Nc3 23. Ra1 Qb7 24. Nd3 Rxa1 25. Rxa1 Ra6 26. Rxa6 Qxa6 27.
g3 Qa5 28. h4 Qb5 29. Kg2 Qd5+ 30. f3 Qa5 31. Kf2 Qa1 32. Nxb4 Nd1+ 33. Ke2
Nxe3 34. Kxe3 Qe1+ 35. Kd3 Qxb4 36. Qxc6 Qxb3+ 37. Ke2 Qb2+ 38. Ke3 Qb3+ 39.
Ke2 Qa2+ 40. Ke3 Qa3+ 41. Ke2 g6 42. Qc8+ Kg7 43. Qc5 Qb2+ 1/2-1/2

[Event "BL 9293 Dortmund-Empor Berlin"]
[Site "?"]
[Date "1993.??.??"]
[Round "?.4"]
[White "Stein, B."]
[Black "Poldauf, D."]
[Result "1/2-1/2"]
[WhiteElo "2375"]
[BlackElo "2400"]
[PlyCount "51"]
[EventDate "1993.??.??"]

1. g3 Nf6 2. Bg2 g6 3. e4 d6 4. d4 Bg7 5. Ne2 O-O 6. O-O e5 7. h3 c6 8. Nbc3 b5
9. a3 Bb7 10. dxe5 dxe5 11. Qxd8 Rxd8 12. Be3 Nbd7 13. Nc1 Nb6 14. b3 Nfd7 15.
Nd3 a5 16. Nc5 Nxc5 17. Bxc5 Nd7 18. Be3 Nf8 19. Rfd1 Ne6 20. Bf1 Nd4 21. Bd3
Rd6 22. Ne2 Ne6 23. c3 Rad8 24. Bc2 Rxd1+ 25. Rxd1 Rxd1+ 26. Bxd1 1/2-1/2

[Event "BL 9293 Dortmund-Empor Berlin"]
[Site "?"]
[Date "1993.??.??"]
[Round "?.5"]
[White "Stern, R."]
[Black "Buecker, S."]
[Result "1/2-1/2"]
[WhiteElo "2345"]
[BlackElo "2365"]
[PlyCount "139"]
[EventDate "1993.??.??"]

1. d4 f5 2. Bg5 g6 3. Nc3 Bg7 4. e4 fxe4 5. Nxe4 d5 6. Nc5 b6 7. Nb3 Nf6 8. Nf3
O-O 9. Be2 Ne4 10. Be3 Nd7 11. O-O e6 12. Bd3 Nd6 13. c3 Nf7 14. Bb5 Nf6 15.
Ne5 Nxe5 16. dxe5 Nd7 17. Bc6 Rb8 18. f4 Qe7 19. Qe2 Bb7 20. Nd4 Nc5 21. b4 Ne4
22. Rac1 Qf7 23. c4 Bxc6 24. Nxc6 Rbe8 25. Qd3 Kh8 26. Rcd1 Qf5 27. cxd5 exd5
28. Qb3 g5 29. Rxd5 gxf4 30. Rxf4 Qg6 31. Nd4 Rxf4 32. Bxf4 Rf8 33. Ne2 Ng5 34.
Qd3 Qh5 35. Rd8 Ne6 36. Rxf8+ Bxf8 37. Bd2 Bg7 38. Bc3 Qf7 39. Ng3 Bh6 40. Nf5
Bf8 41. a3 Qg6 42. Qf3 Kg8 43. h4 a5 44. bxa5 bxa5 45. a4 Qe8 46. Bxa5 Qxa4 47.
Qd5 Qe8 48. Bxc7 Qg6 49. Nd6 Bh6 50. Ne4 Be3+ 51. Kh1 Kg7 52. Qd7+ Kh6 53. Bd6
Qg4 54. Qxh7+ Kxh7 55. Nf6+ Kg6 56. Nxg4 Bf4 57. Nf6 Nd4 58. Nd5 Bg3 59. Kg1
Bxh4 60. Ne7+ Kf7 61. Nd5 Bg3 62. Nc7 Kg6 63. Ne8 Kf5 64. e6 Bxd6 65. Nxd6+
Kxe6 66. Nc4 Kf5 67. Kf2 Ne6 68. g3 Kg5 69. Nd6 Kg4 70. Ke3 1/2-1/2

[Event "BL 9293 Dortmund-Empor Berlin"]
[Site "?"]
[Date "1993.??.??"]
[Round "?.6"]
[White "Busch, K."]
[Black "Urban, Ju"]
[Result "0-1"]
[WhiteElo "2385"]
[BlackElo "2390"]
[PlyCount "74"]
[EventDate "1993.??.??"]

1. Nf3 g6 2. d4 Bg7 3. g3 d6 4. Bg2 Nd7 5. O-O e5 6. e4 Ne7 7. Nc3 O-O 8. a4
exd4 9. Nxd4 Nc6 10. Nde2 Re8 11. h3 Nc5 12. Be3 Be6 13. Nd4 Qd7 14. Kh2 h5 15.
Qd2 h4 16. g4 Bc4 17. Rfe1 Qe7 18. b3 Nxd4 19. Bxd4 Bxd4 20. Qxd4 Bxb3 21. cxb3
Nxb3 22. Qe3 Nxa1 23. Rxa1 d5 24. Qf4 dxe4 25. Nxe4 Kg7 26. Rc1 Rac8 27. g5 Qe5
28. Qxe5+ Rxe5 29. f4 Re7 30. f5 Rd7 31. fxg6 Kxg6 32. Nc5 Rd2 33. Kg1 Re8 34.
Bxb7 Re3 35. Ne4 Rb2 36. Bd5 Kf5 37. Nf2 Kf4 {Zeit} 0-1

[Event "BL 9293 Dortmund-Empor Berlin"]
[Site "?"]
[Date "1993.??.??"]
[Round "?.7"]
[White "Thinius, M."]
[Black "Kalka, A."]
[Result "1/2-1/2"]
[WhiteElo "2310"]
[BlackElo "2385"]
[PlyCount "129"]
[EventDate "1993.??.??"]

1. e4 c5 2. Nf3 d6 3. d4 cxd4 4. Nxd4 Nf6 5. Nc3 g6 6. Be3 Bg7 7. Be2 Nc6 8. h4
h5 9. f3 Bd7 10. Qd2 Rc8 11. O-O-O Ne5 12. Kb1 Nc4 13. Bxc4 Rxc4 14. Nde2 Qa5
15. Bd4 Be6 16. Bxf6 Bxf6 17. Nd5 Qxd2 18. Nxf6+ exf6 19. Rxd2 Ke7 20. Rhd1 Rd8
21. Nc3 Rc5 22. f4 Rd7 23. g3 b6 24. Rd4 Rc4 25. Kc1 Rxd4 26. Rxd4 f5 27. exf5
Bxf5 28. Nd5+ Kf8 29. a3 Be6 30. Ne3 Ke7 31. Kd2 Rd8 32. c4 Rc8 33. Kd3 a6 34.
a4 Rb8 35. Kc3 Rc8 36. Kb4 Rc5 37. b3 f6 38. Re4 Kf7 39. Rd4 Ke7 40. Rd3 g5 41.
Kc3 b5 42. axb5 axb5 43. Kd4 gxf4 44. gxf4 Rc8 45. cxb5 Rb8 46. b4 Rxb5 47. Kc3
d5 48. Rd4 Kd6 49. Rd1 Rb8 50. Rd2 Rg8 51. Rg2 Rc8+ 52. Kd4 Rb8 53. Rb2 Rb5 54.
Nd1 Rb6 55. b5 Bd7 56. Nc3 Bc6 57. Rb4 Rb8 58. Rb1 Bb7 59. Ra1 Rc8 60. Ra4 Rg8
61. Nxd5 Rg4 62. Ra7 Bxd5 63. Ra6+ Kc7 64. Kxd5 Rxf4 65. Ke6 1/2-1/2

[Event "BL 9293 Dortmund-Empor Berlin"]
[Site "?"]
[Date "1993.??.??"]
[Round "?.8"]
[White "Illner, A."]
[Black "Okrajek, A."]
[Result "1-0"]
[WhiteElo "2320"]
[BlackElo "2275"]
[PlyCount "71"]
[EventDate "1993.??.??"]

1. f4 Nf6 2. Nf3 d5 3. g3 c5 4. Bg2 Nc6 5. d3 g6 6. O-O Bg7 7. Nc3 d4 8. Na4
Nd7 9. Ng5 Qc7 10. c4 O-O 11. a3 Rb8 12. Rb1 a6 13. Bd2 e6 14. b4 cxb4 15. axb4
Ne7 16. b5 Nf5 17. Qe1 Nf6 18. bxa6 bxa6 19. Ba5 Rxb1 20. Bxc7 Rxe1 21. Rxe1
Ne3 22. Bf3 h6 23. Ne4 Nxe4 24. Bxe4 f5 25. Bf3 Rf7 26. Bd6 Bf8 27. Be5 Bd7 28.
Nb6 a5 29. Ra1 Bb4 30. Ra2 Bc3 31. c5 Bb5 32. c6 Rf8 33. c7 Ba6 34. Bd6 Rc8 35.
Bc6 Bb4 36. Nxc8 1-0

[Event "BL 9293 Stadthagen-Dortmund"]
[Site "?"]
[Date "1993.??.??"]
[Round "?.1"]
[White "Dolmatov, S."]
[Black "Sax, G."]
[Result "1/2-1/2"]
[WhiteElo "2615"]
[BlackElo "2570"]
[PlyCount "97"]
[EventDate "1993.??.??"]

1. e4 c5 2. Nf3 e6 3. d4 cxd4 4. Nxd4 Nf6 5. Nc3 d6 6. Be2 a6 7. a4 Be7 8. Be3
O-O 9. a5 Qc7 10. O-O Nbd7 11. Nb3 Qb8 12. Qd4 Bd8 13. Rfd1 b5 14. axb6 Bxb6
15. Qd2 Bc7 16. Na5 Re8 17. h3 Ne5 18. f4 Ng6 19. g3 d5 20. e5 Nd7 21. Nc6 Qb7
22. Nd4 f6 23. Nxe6 Rxe6 24. Nxd5 Ngxe5 25. fxe5 Nxe5 26. Nxc7 Qxc7 27. Qd8+
Qxd8 28. Rxd8+ Kf7 29. Kf2 Rc6 30. c3 Rb8 31. Bc1 Rbb6 32. g4 Be6 33. Rd4 Bc4
34. Ra4 Bxe2 35. Kxe2 Re6 36. Kd1 g6 37. Kc2 Ke7 38. b3 Nf3 39. Re4 Ne1+ 40.
Kd2 Nf3+ 41. Kc2 Ne1+ 42. Kd1 Nd3 43. Ba3+ Ke8 44. Rxe6+ Rxe6 45. Kd2 Nf2 46.
h4 Ne4+ 47. Kc2 Nf2 48. Kd2 Ne4+ 49. Kc2 1/2-1/2

[Event "BL 9293 Stadthagen-Dortmund"]
[Site "?"]
[Date "1993.??.??"]
[Round "?.3"]
[White "Smagin, S."]
[Black "Tischbierek, R."]
[Result "1-0"]
[WhiteElo "2520"]
[BlackElo "2490"]
[PlyCount "73"]
[EventDate "1993.??.??"]

1. e4 c5 2. c3 Nf6 3. e5 Nd5 4. Nf3 Nc6 5. d4 cxd4 6. cxd4 d6 7. Bc4 Nb6 8. Bb5
dxe5 9. Nxe5 Bd7 10. Bxc6 Bxc6 11. Nxc6 bxc6 12. O-O g6 13. Re1 Bg7 14. Bg5 Nc8
15. Qf3 O-O 16. Nc3 Qxd4 17. Qxc6 Rb8 18. Rad1 Qb6 19. Qxb6 Rxb6 20. Na4 Rb7
21. b3 Re8 22. Kf1 h6 23. Be3 e5 24. Nc5 Rc7 25. Rd7 Rxd7 26. Nxd7 f5 27. Bxh6
Bxh6 28. Nf6+ Kf7 29. Nxe8 Kxe8 30. Rxe5+ Kd7 31. Ra5 Bf4 32. Ra6 Bd6 33. h4
Kc7 34. b4 Kb7 35. b5 Be7 36. g3 Nd6 37. a4 1-0

[Event "BL 9293 Stadthagen-Dortmund"]
[Site "?"]
[Date "1993.??.??"]
[Round "?.4"]
[White "Keitlinghaus, L."]
[Black "Stein, B."]
[Result "1-0"]
[WhiteElo "2455"]
[BlackElo "2375"]
[PlyCount "95"]
[EventDate "1993.??.??"]

1. e4 c5 2. Nc3 e6 3. f4 a6 4. Nf3 d5 5. d3 Nc6 6. g3 Nf6 7. e5 d4 8. exf6 dxc3
9. fxg7 Bxg7 10. b3 b5 11. Bg2 Bb7 12. O-O Nd4 13. Be3 Bxf3 14. Bxf3 Ra7 15.
Kg2 O-O 16. Bxd4 Bxd4 17. Qe2 Qd6 18. Rae1 Kh8 19. Qe4 b4 20. f5 exf5 21. Qxf5
Re7 22. Rxe7 Qxe7 23. Be4 f6 24. Rf4 Rf7 25. Rh4 Qd7 26. Qf1 Be5 27. Rh5 a5 28.
Qf3 Rg7 29. Kh1 Qe7 30. Kg1 Qd7 31. Kg2 Qc8 32. Kh1 Qd7 33. Bxh7 Rxh7 34. Rxe5
Rxh2+ 35. Kxh2 fxe5 36. Qf8+ Kh7 37. Qxc5 Qf5 38. Qa7+ Kg8 39. Kg2 Qg5 40. Qf2
Qd2 41. Kf3 Qd1+ 42. Qe2 Qc1 43. d4 exd4 44. Ke4 Qd2 45. Qd3 Qf2 46. Kd5 Kf7
47. Kc4 Ke6 48. Qe4+ 1-0

[Event "BL 9293 Stadthagen-Dortmund"]
[Site "?"]
[Date "1993.??.??"]
[Round "?.5"]
[White "Buecker, S."]
[Black "Heissler, J."]
[Result "1/2-1/2"]
[WhiteElo "2365"]
[BlackElo "2410"]
[PlyCount "96"]
[EventDate "1993.??.??"]

1. f4 d5 2. b3 Nf6 3. Bb2 g6 4. e3 Bg7 5. Nf3 c5 6. Be2 O-O 7. O-O Nc6 8. Ne5
Bd7 9. Bf3 Rc8 10. a3 Qc7 11. b4 cxb4 12. Nxc6 Qxc6 13. axb4 a6 14. Bc3 Qb6 15.
Ra3 Rfd8 16. Bd4 Qxb4 17. Rb3 Qc4 18. Rxb7 Qxc2 19. Qxc2 Rxc2 20. Bc3 Bb5 21.
Re1 Ne4 22. Ba5 Rdc8 23. Bxe4 dxe4 24. Nc3 Rxd2 25. Nxb5 Ra2 26. Na7 Rcc2 27.
Rb8+ Bf8 28. Bb4 Rxg2+ 29. Kh1 Rxh2+ 30. Kg1 Rag2+ 31. Kf1 Rb2 32. Kg1 a5 33.
Ba3 Rhg2+ 34. Kh1 Rh2+ 35. Kg1 Rbg2+ 36. Kf1 Ra2 37. Kg1 Rhg2+ 38. Kh1 Rh2+ 39.
Kg1 Rag2+ 40. Kf1 Ra2 41. Kg1 h5 42. Reb1 Rag2+ 43. Kf1 Rc2 44. Kg1 h4 45. R1b2
Rhg2+ 46. Kh1 Rh2+ 47. Kg1 Rhg2+ 48. Kh1 Rh2+ 1/2-1/2

[Event "BL 9293 Stadthagen-Dortmund"]
[Site "?"]
[Date "1993.??.??"]
[Round "?.6"]
[White "Gauglitz, G."]
[Black "Busch, K."]
[Result "1-0"]
[WhiteElo "2415"]
[BlackElo "2385"]
[PlyCount "77"]
[EventDate "1993.??.??"]

1. Nf3 c5 2. c4 Nf6 3. g3 b6 4. Bg2 Bb7 5. O-O e6 6. Nc3 d6 7. Re1 Be7 8. e4 a6
9. d4 cxd4 10. Nxd4 Qc7 11. Be3 O-O 12. Rc1 Nbd7 13. f4 Rfe8 14. Bf2 Bf8 15. g4
g6 16. g5 Nh5 17. Qd2 Rac8 18. b3 Nxf4 19. Qxf4 e5 20. Qh4 exd4 21. Bxd4 Bg7
22. Bxg7 Kxg7 23. Kh1 Re5 24. Qf4 Rce8 25. Rcd1 b5 26. Rd4 f6 27. Qd2 fxg5 28.
Rxd6 R8e7 29. cxb5 axb5 30. Qd4 Nf6 31. Rf1 b4 32. Nb5 Qa5 33. Rdxf6 Qxb5 34.
Qd8 Kh6 35. Qf8+ Kh5 36. R6f3 g4 37. Rh3+ gxh3 38. Bf3+ Kh4 39. Qf4# 1-0

[Event "BL 9293 Stadthagen-Dortmund"]
[Site "?"]
[Date "1993.??.??"]
[Round "?.7"]
[White "Kalka, A."]
[Black "Schirm, F."]
[Result "0-1"]
[WhiteElo "2385"]
[BlackElo "2340"]
[PlyCount "92"]
[EventDate "1993.??.??"]

1. e4 c5 2. Nf3 Nc6 3. d4 cxd4 4. Nxd4 Nf6 5. Nc3 d6 6. Bg5 e6 7. Qd2 Be7 8.
O-O-O Nxd4 9. Qxd4 O-O 10. f3 a6 11. g4 b5 12. h4 Qa5 13. Kb1 b4 14. Ne2 e5 15.
Qd2 Be6 16. Nc1 Rfd8 17. Bxf6 Bxf6 18. g5 Be7 19. Bh3 Bc4 20. b3 Bb5 21. Bf1
Rac8 22. Nd3 d5 23. Bh3 Rc3 24. Nxe5 Bd6 25. Qxd5 Rxc2 26. a4 Qc7 27. axb5 Qc3
28. Nd3 Be7 29. Qc4 Rxd3 30. Qxc3 Rdxc3 31. b6 Rf2 32. Rdf1 Rxb3+ 33. Kc1 Rc3+
34. Kd1 Rd3+ 35. Ke1 Rb2 36. Rf2 Rxf2 37. Kxf2 Bc5+ 38. Ke2 Re3+ 39. Kd2 Bxb6
40. Rc1 g6 41. Rc6 Rxf3 42. Bg4 Rg3 43. Be2 Be3+ 44. Kc2 a5 45. Ra6 Bd4 46. Bc4
Rc3+ 0-1

[Event "BL 9293 Stadthagen-Dortmund"]
[Site "?"]
[Date "1993.??.??"]
[Round "?.8"]
[White "Heilemann, M."]
[Black "Konikowski, J."]
[Result "1/2-1/2"]
[WhiteElo "2285"]
[BlackElo "2345"]
[PlyCount "144"]
[EventDate "1993.??.??"]

1. d4 Nf6 2. g3 g6 3. Bg2 Bg7 4. e4 d6 5. Ne2 O-O 6. O-O e5 7. d5 c6 8. c4 a5
9. Nbc3 Na6 10. dxc6 bxc6 11. b3 Qc7 12. Na4 Nd7 13. Ba3 Ndc5 14. Nec3 Rd8 15.
Qe2 Ne6 16. Bb2 Nd4 17. Qd1 Qa7 18. Kh1 Nc7 19. Bc1 Be6 20. Bg5 Re8 21. Qd2 f6
22. Be3 Rad8 23. Rad1 c5 24. Rc1 Rd7 25. Qe1 f5 26. f3 Rf7 27. Bg1 Bd7 28. Qd1
Bh6 29. Rb1 Bc6 30. Nd5 Nxd5 31. exd5 Bd7 32. Nc3 Rfe7 33. Re1 Qb6 34. a4 Qb4
35. Qd3 Qa3 36. Be3 Bxe3 37. Qxe3 Nc2 38. Qc1 Qxc1 39. Rexc1 Nd4 40. Rb2 Rb8
41. Nb5 Bxb5 42. cxb5 Kg7 43. Re1 Kf6 44. Kg1 g5 45. g4 h5 46. gxf5 Kxf5 47.
Bh3+ Kg6 48. Re3 Rf7 49. Bg2 Rbf8 50. h3 Nxf3+ 51. Bxf3 Rxf3 52. Rxf3 Rxf3 53.
Kg2 Rf4 54. Rf2 Rb4 55. Rf8 Rxb3 56. Rd8 c4 57. Rxd6+ Kf5 58. Rc6 c3 59. Kf1 e4
60. Ke2 Ke5 61. d6 Ke6 62. Ke3 Rb4 63. d7+ Kxd7 64. Rxc3 Rxa4 65. Rc5 Ra3+ 66.
Kxe4 Rxh3 67. Rxg5 Kc7 68. Rg6 Rb3 69. b6+ Rxb6 70. Rg5 Ra6 71. Rxh5 a4 72. Kd3
Rb6 1/2-1/2

[Event "BL 9293 Empor Berlin-Solingen"]
[Site "?"]
[Date "1993.??.??"]
[Round "?.1"]
[White "Chandler, M."]
[Black "Kovalev, A."]
[Result "1-0"]
[WhiteElo "2555"]
[BlackElo "2555"]
[PlyCount "77"]
[EventDate "1993.??.??"]

1. e4 c5 2. Nc3 Nc6 3. g3 g6 4. Bg2 Bg7 5. d3 e5 6. Be3 d6 7. Qd2 Nf6 8. h3 Nd4
9. Nge2 h5 10. f4 h4 11. fxe5 dxe5 12. gxh4 Nh7 13. O-O-O Qxh4 14. Nd5 O-O 15.
Kb1 Be6 16. c3 Nxe2 17. Qxe2 Bxd5 18. exd5 Rac8 19. Bf2 Qd8 20. h4 Nf6 21. h5
Nxd5 22. hxg6 fxg6 23. Be4 Qd6 24. Bg3 Rf7 25. Qg4 Rc6 26. Rd2 Rb6 27. Ka1 Qd7
28. Qh4 Kf8 29. Bf2 Rc6 30. c4 Ne7 31. Be3 b6 32. Bh6 Re6 33. Bxg7+ Rxg7 34.
Rf2+ Ke8 35. Bd5 Kd8 36. Qh8+ Rg8 37. Rf8+ Rxf8 38. Qxf8+ Kc7 39. Rh7 1-0

[Event "BL 9293 Empor Berlin-Solingen"]
[Site "?"]
[Date "1993.??.??"]
[Round "?.2"]
[White "Muse, M."]
[Black "Podzielny, KH."]
[Result "0-1"]
[WhiteElo "2490"]
[BlackElo "2450"]
[PlyCount "63"]
[EventDate "1993.??.??"]

1. d4 Nf6 2. c4 g6 3. Nc3 Bg7 4. e4 d6 5. Be2 O-O 6. Bg5 Na6 7. Qd2 Qe8 8. f3
e5 9. d5 Nh5 10. O-O-O Bd7 11. Kb1 f5 12. Be3 Bf6 13. g3 Nc5 14. Rc1 Be7 15.
Bd1 a5 16. Bc2 f4 17. Bf2 fxg3 18. hxg3 Qd8 19. Nce2 Bg5 20. Be3 Bxe3 21. Qxe3
Qf6 22. Rf1 b5 23. f4 bxc4 24. f5 Rab8 25. Nc3 Rb6 26. Bd1 Nf4 27. gxf4 exf4
28. Qh3 Rf7 29. Nce2 Nxe4 30. Ka1 Bxf5 31. Qh4 Qxh4 32. Rxh4 0-1

[Event "BL 9293 Empor Berlin-Solingen"]
[Site "?"]
[Date "1993.??.??"]
[Round "?.4"]
[White "Poldauf, D."]
[Black "Reeh, O."]
[Result "1/2-1/2"]
[WhiteElo "2400"]
[BlackElo "2435"]
[PlyCount "97"]
[EventDate "1993.??.??"]

1. c4 g6 2. Nc3 Bg7 3. g3 Nf6 4. Bg2 O-O 5. d4 d6 6. Nf3 Nc6 7. O-O Bf5 8. Ne1
Qc8 9. e4 Bh3 10. f4 Bxg2 11. Kxg2 a6 12. e5 Nd7 13. Nf3 b5 14. cxb5 axb5 15.
Nxb5 Qb7 16. Nc3 Na5 17. Rb1 e6 18. Qe2 Nb6 19. b3 Nd5 20. Nxd5 Qxd5 21. Be3
Nc6 22. Rfc1 Nb4 23. a4 Qb7 24. Bd2 Nd5 25. Qc4 Rfb8 26. Kf2 Bf8 27. a5 Nb4 28.
Bxb4 Qxb4 29. Qxb4 Rxb4 30. Rxc7 Rxa5 31. Rb2 Ra3 32. Ng5 Rxd4 33. Nxf7 dxe5
34. Nxe5 Rb4 35. Rc8 Kg7 36. Rc3 Rb7 37. Ke2 Be7 38. Rd3 Bf6 39. Re3 Bxe5 40.
fxe5 Rb4 41. Kd2 Ra7 42. Kc3 Rab7 43. Rb1 R4b5 44. Re4 Rc5+ 45. Kd3 Rd5+ 46.
Ke3 g5 47. b4 Kg6 48. Rc1 Rbd7 49. Rc3 1/2-1/2

[Event "BL 9293 Empor Berlin-Solingen"]
[Site "?"]
[Date "1993.??.??"]
[Round "?.5"]
[White "Schaefer, Ma"]
[Black "Stern, R."]
[Result "1-0"]
[WhiteElo "2430"]
[BlackElo "2345"]
[PlyCount "125"]
[EventDate "1993.??.??"]

1. e4 e5 2. Nf3 Nc6 3. c3 Nf6 4. d4 Nxe4 5. d5 Ne7 6. Nxe5 Ng6 7. Qf3 Nxe5 8.
Qxe4 Qe7 9. Be3 Ng6 10. Qc4 c6 11. Nd2 Qh4 12. Qe2 Kd8 13. Nf3 Qh5 14. O-O-O
Kc7 15. Ng5 Qxe2 16. Bxe2 d6 17. Nxf7 Rg8 18. h4 Be7 19. dxc6 bxc6 20. h5 Nh8
21. Nxh8 Rxh8 22. Bd4 Bg5+ 23. Kc2 Bh6 24. c4 Rf8 25. f3 c5 26. Bc3 Be6 27. Bd3
Rae8 28. Rde1 Bf7 29. b3 Bg8 30. Rxe8 Rxe8 31. Be4 Re7 32. g3 Bg5 33. Rd1 h6
34. Ba5+ Kd7 35. b4 Bxc4 36. bxc5 d5 37. Bxd5 Re2+ 38. Kb1 Bxd5 39. Rxd5+ Kc6
40. Rd3 Kxc5 41. Rd7 Bf6 42. Rc7+ Kd4 43. Bc3+ Ke3 44. Bxf6 gxf6 45. Rf7 Kxf3
46. Rxf6+ Kxg3 47. Rxh6 Rh2 48. a4 a5 49. Rh8 Kf4 50. h6 Kg5 51. Ra8 Rxh6 52.
Rxa5+ Kf4 53. Kb2 Ke4 54. Kc3 Rc6+ 55. Kb4 Kd4 56. Rh5 Rc1 57. Kb5 Rb1+ 58. Kc6
Rc1+ 59. Kb6 Rg1 60. a5 Kc4 61. Rc5+ Kd4 62. a6 Ra1 63. Ra5 1-0

[Event "BL 9293 Empor Berlin-Solingen"]
[Site "?"]
[Date "1993.??.??"]
[Round "?.6"]
[White "Urban, Ju"]
[Black "Thesing, M."]
[Result "0-1"]
[WhiteElo "2390"]
[BlackElo "2385"]
[PlyCount "92"]
[EventDate "1993.??.??"]

1. Nf3 c5 2. g3 Nc6 3. Bg2 g6 4. O-O Bg7 5. d3 d6 6. e4 e5 7. Nc3 Nge7 8. Be3
O-O 9. Qd2 f6 10. Ne2 b6 11. Nh4 d5 12. f4 exf4 13. gxf4 dxe4 14. dxe4 Qxd2 15.
Bxd2 Ba6 16. Bf3 Rad8 17. Rfd1 f5 18. e5 g5 19. fxg5 Nxe5 20. Nf4 Nxf3+ 21.
Nxf3 Bxb2 22. Rab1 Bh8 23. Kf2 Bc4 24. Re1 Bxa2 25. Rbd1 Nc6 26. g6 Bd4+ 27.
Nxd4 Rxd4 28. Rg1 Rfd8 29. Nd3 c4 30. Bc3 cxd3 31. Bxd4 Rxd4 32. cxd3 Bd5 33.
Rde1 Rf4+ 34. Ke3 Rf3+ 35. Kd2 Rf2+ 36. Kc3 b5 37. Re8+ Kg7 38. gxh7+ Kxh7 39.
d4 b4+ 40. Kd3 Rf3+ 41. Kd2 b3 42. Rc8 Rf2+ 43. Ke3 Rg2 44. Rc7+ Kg6 45. Rxg2+
Bxg2 46. Kd3 Nb4+ 0-1

[Event "BL 9293 Empor Berlin-Solingen"]
[Site "?"]
[Date "1993.??.??"]
[Round "?.8"]
[White "Rosenthal, D."]
[Black "Jukic, B."]
[Result "0-1"]
[WhiteElo "2330"]
[BlackElo "2360"]
[PlyCount "70"]
[EventDate "1993.??.??"]

1. e4 e5 2. Nf3 Nc6 3. Bb5 Nf6 4. O-O Bc5 5. c3 O-O 6. d4 Bb6 7. Bg5 h6 8. Bh4
d6 9. Bxc6 bxc6 10. dxe5 dxe5 11. Qa4 Qd6 12. Na3 Qe6 13. Bxf6 Qxf6 14. Rad1
Bg4 15. Rd3 Rad8 16. Rfd1 Rxd3 17. Rxd3 Qf4 18. h3 Bxh3 19. gxh3 Qg3+ 20. Kh1
Qxh3+ 21. Kg1 Qg3+ 22. Kh1 Bxf2 23. Qd1 f5 24. Nh2 Qh4 25. Rf3 Bg3 26. Qg1 Bxh2
27. Qxh2 Qxe4 28. Qg2 Rd8 29. Qf1 Kh7 30. Nc4 f4 31. b3 g5 32. Qg2 g4 33. Qxg4
Rd3 34. Nxe5 Qe1+ 35. Qg1 Qh4+ 0-1

[Event "BL 9293 Porz-Dresden"]
[Site "?"]
[Date "1993.??.??"]
[Round "?.1"]
[White "Bologan, V."]
[Black "Lutz, C."]
[Result "0-1"]
[WhiteElo "2520"]
[BlackElo "2550"]
[PlyCount "79"]
[EventDate "1993.??.??"]

1. e4 c5 2. Nf3 e6 3. d4 cxd4 4. Nxd4 a6 5. Nc3 Qc7 6. Bd3 Nf6 7. Qe2 d6 8. Bg5
Be7 9. O-O Nbd7 10. a4 b6 11. Kh1 Bb7 12. Rae1 Qc5 13. Be3 Qb4 14. Rb1 O-O 15.
f4 Nc5 16. Bg1 Rfe8 17. e5 Nfd7 18. Nf3 Nxd3 19. Qxd3 Rad8 20. Qd4 dxe5 21.
fxe5 Bc5 22. Qxb4 Bxb4 23. Bd4 Nc5 24. Rfd1 Bxc3 25. bxc3 Nxa4 26. c4 Rd7 27.
Rb4 Bc6 28. Ng1 Red8 29. Ne2 a5 30. Rb3 Be4 31. Rd2 h6 32. c3 Rc8 33. Ng3 Bg6
34. Nf1 Rxc4 35. Ne3 Rc8 36. Kg1 Be4 37. Ra2 b5 38. Raa3 Bc6 39. Kf2 Rcd8 40.
Ra2 {Zeit} 0-1

[Event "BL 9293 Porz-Dresden"]
[Site "?"]
[Date "1993.??.??"]
[Round "?.2"]
[White "Hort, V."]
[Black "Uhlmann, W."]
[Result "1/2-1/2"]
[WhiteElo "2545"]
[BlackElo "2500"]
[PlyCount "73"]
[EventDate "1993.??.??"]

1. d4 Nf6 2. c4 g6 3. Nc3 Bg7 4. e4 d6 5. Be2 O-O 6. Nf3 e5 7. O-O Nc6 8. d5
Ne7 9. Ne1 Nd7 10. Nd3 f5 11. exf5 gxf5 12. f4 Ng6 13. Be3 c5 14. dxc6 bxc6 15.
Qd2 Qa5 16. Rac1 Re8 17. b4 Qc7 18. Bd1 Nf6 19. c5 dxc5 20. fxe5 Ng4 21. Bxg4
fxg4 22. Ne4 Ba6 23. Nf6+ Bxf6 24. exf6 Qf7 25. Bxc5 Rad8 26. Rc3 Rd7 27. h4
gxh3 28. gxh3 Re6 29. Kh1 Rxf6 30. Rxf6 Qxf6 31. Qe3 Re7 32. Qd2 Re4 33. a4 Nh4
34. Nf2 Re2 35. Rg3+ Ng6 36. Qd4 Qxd4 37. Bxd4 1/2-1/2

[Event "BL 9293 Porz-Dresden"]
[Site "?"]
[Date "1993.??.??"]
[Round "?.4"]
[White "Hickl, J."]
[Black "Kaminski, U."]
[Result "1/2-1/2"]
[WhiteElo "2540"]
[BlackElo "2400"]
[PlyCount "92"]
[EventDate "1993.??.??"]

1. e4 c5 2. c3 Nf6 3. d3 g6 4. Nf3 Bg7 5. Nbd2 O-O 6. Be2 Nc6 7. O-O e5 8. a3
d6 9. b4 Nh5 10. g3 Bh3 11. Re1 h6 12. Nc4 b5 13. Ne3 Be6 14. Rb1 a6 15. Nd5
Nf6 16. Nxf6+ Qxf6 17. Be3 Qe7 18. d4 cxd4 19. cxd4 exd4 20. Nxd4 Nxd4 21. Bxd4
Be5 22. Be3 h5 23. Qd2 Rac8 24. Rbc1 Qb7 25. f4 Bg7 26. Bf3 Rxc1 27. Rxc1 Rc8
28. Rf1 Bg4 29. Bg2 Qd7 30. Bf2 h4 31. gxh4 Bh3 32. f5 Bxg2 33. Kxg2 Re8 34.
Bg3 Rxe4 35. Qxd6 Qxd6 36. Bxd6 gxf5 37. Rxf5 Re3 38. Rg5 Kh7 39. Rg3 Rxg3+ 40.
hxg3 Bb2 41. Bf4 Bxa3 42. Bd2 f5 43. Kf3 Kg6 44. g4 fxg4+ 45. Kxg4 Bb2 46. h5+
Kh7 1/2-1/2

[Event "BL 9293 Porz-Dresden"]
[Site "?"]
[Date "1993.??.??"]
[Round "?.5"]
[White "Borriss, M."]
[Black "Knaak, R."]
[Result "0-1"]
[WhiteElo "2395"]
[BlackElo "2515"]
[PlyCount "90"]
[EventDate "1993.??.??"]

1. e4 e6 2. d4 d5 3. Nc3 Nf6 4. Bg5 dxe4 5. Nxe4 Be7 6. Bxf6 gxf6 7. Nf3 b6 8.
Bc4 Bb7 9. Qe2 c6 10. O-O-O Qc7 11. Rhe1 Nd7 12. Ng3 O-O-O 13. Nh5 Kb8 14. Kb1
b5 15. Bd3 Nb6 16. c4 bxc4 17. Bxc4 c5 18. Ba6 Bxa6 19. Qxa6 c4 20. Re4 Rhg8
21. g3 Qc6 22. Re3 e5 23. b3 Rd5 24. Nf4 Rd7 25. Ne2 cxb3 26. axb3 Qe6 27. Rc1
Nd5 28. Qxe6 fxe6 29. Re4 Rb7 30. Kb2 Ka8 31. Rc6 Nb4 32. Rxe6 Nd3+ 33. Kc2
Nxf2 34. Rh4 Rc8+ 35. Kd2 f5 36. Nxe5 Bxh4 37. gxh4 Rxb3 38. Nf4 Ne4+ 39. Kd1
Rb2 40. Nc6 Rg8 41. Ne2 Nf2+ 42. Kc1 Nd3+ 43. Kd1 f4 44. Rf6 Nf2+ 45. Ke1 Ne4
0-1